000 00452nam a2200181Ia 4500
001 1292
005 20260306140621.0
008 260306t1996||||xx |||||||||||||| ||spa||
041 _aESP
082 _a193
_bG84
100 _aGuardini, Romano
_eAUT
245 0 _aEl contraste:
_bensayo de una filosofía de lo viviente-concreto
260 _c1996
300 _a222 páginas :
_c20 cm.
650 _aGEN
654 _aCHU
942 _cLIB
_dJUS
_fJUS
_2ddc
_n
999 _c1292
_d1292